000 00795nam a22002777a 4500
003 CHAP
005 20220329134247.0
008 971013s1964 r 00010 d
010 _a17777
011 _a18749
035 _a22834
040 _cCHAP
082 _a029.5
_bJ6
100 0 0 _aJonker, Frederick.
_962089
245 _aIndexing theory, indexing methods and search devices
260 _anew York :
_bScarecrow,
_c1964
300 _a124 p
590 _aBATCH-UPD
_b10
_c20130110
_lUCH01
_h1106
590 _aBATCH-UPD
_b10
_c20130410
_lUCH01
_h0658
590 _aBATCH-UPD
_b10
_c20130914
_lUCH01
_h1632
590 _aCONVERSION
_b10
_c20130109
_lUCH01
_h1311
650 1 4 _aIndización.
_957676
901 _aBK
942 _cLIBRO
949 _a029.5 J6
_bBC
_cB
_d-53297
_eB
_h61424
_i22834
_si
999 _c17777
_d17777